[Event "Catalunya-chT Gp1 Relegation 2"]
[Site "Barcelona"]
[Date "2025.03.01"]
[Round "2.7"]
[White "Moya Arau, Carles"]
[Black "Pla Almenar, Nel"]
[Result "0-1"]
[WhiteElo "2047"]
[BlackElo "2068"]
[PlyCount "62"]
[EventDate "2025.02.22"]
[EventType "team-k.o."]
[EventRounds "4"]
[EventCountry "ESP"]
[SourceTitle "CB14_2025"]
[SourceDate "2024.11.01"]
[SourceVersion "1"]
[SourceVersionDate "2024.11.01"]
[SourceQuality "1"]
[WhiteTeam "Peona I Peo"]
[BlackTeam "Vila Olimpica"]
[WhiteTeamCountry "ESP"]
[BlackTeamCountry "ESP"]

1. e4 e5 2. Nf3 Nc6 3. d4 exd4 4. Nxd4 Qf6 5. Nb3 Bb4+ 6. c3 Be7 7. g3 d6 8. Bg2 h5 9. h3 Bd7 10. Be3 Qg6 11. N1d2 Nf6 12. Qe2 0-0-0 13. 0-0-0 Rhe8 14. Nd4 Kb8 15. Qd3 Nd5 16. Nc4 Nxe3 17. Nxe3 h4 18. Nef5 Ne5 19. Qc2 hxg3 20. f4 Nc6 21. Qd3 Nxd4 22. cxd4 d5 23. Nxe7 Rxe7 24. exd5 Bf5 25. Qb3 Re2 26. Rd2 Qa6 27. Rhd1 Rde8 28. d6 cxd6 29. Rxe2 Rxe2 30. Rd2 Rxg2 31. Qxf7 Qf1+ 0-1

[Event "Catalunya-chT Gp1"]
[Site "Barcelona"]
[Date "2025.02.15"]
[Round "5.7"]
[White "Moya Arau, Carles"]
[Black "Pinsach Gelabert, Alexandre"]
[Result "0-1"]
[WhiteElo "2059"]
[BlackElo "2143"]
[PlyCount "100"]
[EventDate "2025.01.18"]
[EventType "team-tourn"]
[EventRounds "5"]
[EventCountry "ESP"]
[SourceTitle "CB10_2025"]
[SourceDate "2025.03.05"]
[SourceVersion "1"]
[SourceVersionDate "2025.03.05"]
[SourceQuality "1"]
[WhiteTeam "Peona I Peo"]
[BlackTeam "Figueres"]
[WhiteTeamCountry "ESP"]
[BlackTeamCountry "ESP"]

1. e4 c5 2. Nc3 Nc6 3. f4 g6 4. Nf3 Bg7 5. Bc4 e6 6. 0-0 Nge7 7. d3 d5 8. Bb3 0-0 9. e5 Nf5 10. Ne2 b5 11. c3 d4 12. g4 Nh4 13. Qe1 Nxf3+ 14. Rxf3 Na5 15. Ng3 Nxb3 16. axb3 Qh4 17. Qe4 Rb8 18. Rxa7 Qxg4 19. Rf1 Rd8 20. c4 bxc4 21. bxc4 h5 22. Qf3 Qxf3 23. Rxf3 Bb7 24. Rf1 Ba8 25. Rc7 Bf8 26. Kf2 Rb3 27. Ke2 Bb7 28. Kd2 Ra8 29. Kc2 Rb6 30. Rg1 Bf3 31. Rf1 Rb7 32. Rxb7 Bxb7 33. Bd2 Be7 34. Ne2 Kg7 35. Rb1 Bf3 36. Nc1 g5 37. fxg5 Kg6 38. Nb3 h4 39. Rf1 Bc6 40. Rf4 Ba4 41. Rxh4 Rb8 42. Rh6+ Kg7 43. h4 Rxb3 44. h5 Rc3+ 45. Kb1 Rxd3 46. g6 Rxd2 47. Rh7+ Kg8 48. h6 fxg6 49. Rxe7 Bb3 50. h7+ Kh8 0-1

[Event "La Pobla de Lillet op 33rd"]
[Site "La Pobla de Lillet"]
[Date "2024.08.05"]
[Round "4"]
[White "Moya Arau, Carles"]
[Black "Mas Mestres, Jordi"]
[Result "1-0"]
[WhiteElo "2031"]
[BlackElo "1874"]
[PlyCount "39"]
[EventDate "2024.08.02"]
[EventType "swiss"]
[EventRounds "9"]
[EventCountry "ESP"]
[SourceTitle "CBM 221 Extra"]
[Source "ChessBase"]
[SourceDate "2024.09.30"]
[SourceVersion "1"]
[SourceVersionDate "2024.09.30"]
[SourceQuality "1"]

1. e4 c5 2. Nc3 Nc6 3. f4 g6 4. Nf3 Bg7 5. Bc4 d6 6. 0-0 e6 7. d3 Nge7 8. Qe1 0-0 9. f5 gxf5 10. Qh4 Nd4 11. Bh6 Ng6 12. Qh5 f6 13. Nxd4 cxd4 14. exf5 Ne5 15. fxe6 Qe8 16. e7+ Nxc4 17. exf8Q+ Qxf8 18. Bxg7 Qxg7 19. Ne4 f5 20. Qe8+ 1-0

[Event "La Pobla de Lillet op 33rd"]
[Site "La Pobla de Lillet"]
[Date "2024.08.04"]
[Round "3"]
[White "Vora, Tanish"]
[Black "Moya Arau, Carles"]
[Result "1/2-1/2"]
[WhiteElo "1873"]
[BlackElo "2031"]
[PlyCount "62"]
[EventDate "2024.08.02"]
[EventType "swiss"]
[EventRounds "9"]
[EventCountry "ESP"]
[SourceTitle "CBM 221 Extra"]
[Source "ChessBase"]
[SourceDate "2024.09.30"]
[SourceVersion "1"]
[SourceVersionDate "2024.09.30"]
[SourceQuality "1"]

1. e4 c5 2. Nf3 d6 3. d4 cxd4 4. Nxd4 Nf6 5. f3 e5 6. Bb5+ Bd7 7. Bxd7+ Qxd7 8. Nf5 d5 9. Bg5 dxe4 10. Bxf6 Qxd1+ 11. Kxd1 gxf6 12. fxe4 Nc6 13. Nc3 0-0-0+ 14. Nd5 Rg8 15. g3 Rg4 16. Re1 Ne7 17. Nfxe7+ Bxe7 18. c4 f5 19. Kc2 Rd7 20. b3 f4 21. Rad1 fxg3 22. hxg3 Rxg3 23. Rg1 Rg6 24. Rdf1 Bc5 25. Rh1 h6 26. Rh2 b6 27. Rf5 Bd4 28. Rfh5 Bg1 29. Re2 Bd4 30. Reh2 Bg1 31. Re2 Bd4 1/2-1/2

[Event "La Pobla de Lillet op 33rd"]
[Site "La Pobla de Lillet"]
[Date "2024.08.03"]
[Round "2"]
[White "Moya Arau, Carles"]
[Black "Thakur, Aarit"]
[Result "1-0"]
[WhiteElo "2031"]
[BlackElo "1888"]
[PlyCount "57"]
[EventDate "2024.08.02"]
[EventType "swiss"]
[EventRounds "9"]
[EventCountry "ESP"]
[SourceTitle "CBM 221 Extra"]
[Source "ChessBase"]
[SourceDate "2024.09.30"]
[SourceVersion "1"]
[SourceVersionDate "2024.09.30"]
[SourceQuality "1"]

1. d4 d5 2. Nf3 Nf6 3. Bg5 e6 4. e3 Be7 5. Bd3 0-0 6. Nbd2 Nbd7 7. c3 b6 8. Ne5 Nxe5 9. dxe5 Nd7 10. Bf4 Bb7 11. Qh5 g6 12. Qg4 Nc5 13. Bc2 Ba6 14. Bh6 Re8 15. h4 Nd3+ 16. Bxd3 Bxd3 17. Qd4 Ba6 18. Nf3 Qd7 19. h5 c5 20. Qf4 Bd3 21. Ng5 Bxg5 22. Bxg5 f5 23. hxg6 Rf8 24. Rxh7 Qe8 25. Bf6 Rxf6 26. exf6 Qxg6 27. Rg7+ Qxg7 28. fxg7 Kxg7 29. 0-0-0 1-0

[Event "La Pobla de Lillet op 33rd"]
[Site "La Pobla de Lillet"]
[Date "2024.08.02"]
[Round "1"]
[White "Aloma Vidal, Roberto"]
[Black "Moya Arau, Carles"]
[Result "1-0"]
[WhiteElo "2409"]
[BlackElo "2031"]
[PlyCount "73"]
[EventDate "2024.08.02"]
[EventType "swiss"]
[EventRounds "9"]
[EventCountry "ESP"]
[SourceTitle "CBM 221 Extra"]
[Source "ChessBase"]
[SourceDate "2024.09.30"]
[SourceVersion "1"]
[SourceVersionDate "2024.09.30"]
[SourceQuality "1"]

1. e4 c5 2. Nf3 a6 3. c3 d5 4. exd5 Qxd5 5. d4 e6 6. Bd3 Nf6 7. 0-0 Be7 8. c4 Qd6 9. dxc5 Qxc5 10. Nc3 0-0 11. Qe2 Nbd7 12. Bg5 Re8 13. Rad1 Nf8 14. Bxf6 Bxf6 15. Ne4 Qe7 16. c5 Rd8 17. Nxf6+ Qxf6 18. b4 Bd7 19. Rfe1 Bc6 20. Ne5 Bd5 21. a3 Ng6 22. Bxg6 hxg6 23. Rd3 Qe7 24. Rd4 a5 25. h4 axb4 26. axb4 Qf6 27. Qe3 Qe7 28. Qh3 Bc6 29. Rg4 Qf6 30. h5 g5 31. Qg3 Ra2 32. Rxg5 Rb2 33. Rg4 Qh6 34. Qc3 Ra2 35. Rg3 Bd5 36. Ng4 Qf4 37. h6 1-0

[Event "La Pobla de Lillet op-A 31st"]
[Site "La Pobla de Lillet"]
[Date "2022.08.07"]
[Round "6"]
[White "Garcia Escoda, Marc"]
[Black "Moya Arau, Carles"]
[Result "1-0"]
[WhiteElo "2130"]
[BlackElo "2027"]
[PlyCount "105"]
[EventDate "2022.08.02"]
[EventType "swiss"]
[EventRounds "9"]
[EventCountry "ESP"]
[SourceTitle "CBM 209 Extra"]
[Source "ChessBase"]
[SourceDate "2022.09.30"]
[SourceVersion "1"]
[SourceVersionDate "2022.09.30"]
[SourceQuality "1"]

1. e4 e5 2. Nc3 Nc6 3. Nf3 Nf6 4. Bb5 Bb4 5. 0-0 0-0 6. d3 d6 7. Bg5 Bxc3 8. bxc3 Ne7 9. Nh4 Ng6 10. Nxg6 hxg6 11. f4 Be6 12. fxe5 dxe5 13. Qe1 c6 14. Kh1 cxb5 15. Qh4 Qc7 16. Rxf6 Qxc3 17. Rc1 Qb2 18. Rcf1 Qxc2 19. R6f3 Rac8 20. g4 Qe2 21. R1f2 Qd1+ 22. Rf1 Qe2 23. R1f2 Qe1+ 24. Kg2 Qd1 25. Qg3 Rc2 26. Rxc2 Qxc2+ 27. Rf2 Qd1 28. h3 f6 29. Rd2 Qa4 30. Be3 Rc8 31. g5 Kf7 32. gxf6 gxf6 33. Qh4 Rg8 34. Rf2 f5 35. Bc5 g5 36. Qh5+ Kf6 37. Qh6+ Kf7 38. Qh7+ Rg7 39. Qh8 f4 40. Qf8+ Kg6 41. Qe8+ Kf6 42. Qd8+ Kg6 43. Qd6 Kf6 44. d4 exd4 45. Bxd4+ Kf7 46. Qc7+ Ke8 47. Qxg7 f3+ 48. Kg3 Qd1 49. Qe5 Qg1+ 50. Kxf3 Qh1+ 51. Ke2 Kd7 52. Qxb5+ Kd8 53. Rf8+ 1-0

[Event "La Pobla de Lillet op-A 29th"]
[Site "La Pobla de Lillet"]
[Date "2019.08.09"]
[Round "8"]
[White "Picanol Alemany, Antonio"]
[Black "Moya Arau, Carles"]
[Result "1-0"]
[WhiteElo "2253"]
[BlackElo "2031"]
[PlyCount "87"]
[EventDate "2019.08.02"]
[EventType "swiss"]
[EventRounds "9"]
[EventCountry "ESP"]
[SourceTitle "EXT 2022"]
[Source "ChessBase"]
[SourceDate "2021.10.06"]
[SourceVersion "1"]
[SourceVersionDate "2021.10.06"]
[SourceQuality "1"]

1. e4 e5 2. Nf3 Nc6 3. Bb5 a6 4. Ba4 Nf6 5. 0-0 Be7 6. Re1 b5 7. Bb3 0-0 8. a4 b4 9. d4 exd4 10. Nxd4 Nxd4 11. Qxd4 a5 12. Nd2 d6 13. Nc4 Be6 14. e5 dxe5 15. Qxe5 Nd5 16. Qg3 Bf6 17. Bd2 Nb6 18. Nxb6 cxb6 19. Rad1 Qc8 20. Bxe6 fxe6 21. Qb3 Kh8 22. Be3 Qc6 23. Rd2 Rad8 24. Red1 Rxd2 25. Rxd2 Rd8 26. Rxd8+ Bxd8 27. Qd3 Be7 28. b3 h6 29. Bd4 Bc5 30. Bb2 Qc7 31. Qg6 Kg8 32. Qxe6+ Kh7 33. Qe4+ Kg8 34. h4 Qd7 35. g3 Qd6 36. Kg2 Qd1 37. Qe6+ Kf8 38. Qc8+ Kf7 39. Qb7+ Ke8 40. Qe4+ Kf7 41. Qf3+ Qxf3+ 42. Kxf3 g6 43. Bc1 h5 44. Be3 1-0

[Event "La Pobla de Lillet op-A 28th"]
[Site "La Pobla de Lillet"]
[Date "2018.08.03"]
[Round "3"]
[White "Moya Arau, Carles"]
[Black "Longa Yauca, Javier"]
[Result "0-1"]
[WhiteElo "2034"]
[BlackElo "2268"]
[PlyCount "80"]
[EventDate "2018.08.01"]
[EventType "swiss"]
[EventRounds "9"]
[EventCountry "ESP"]
[SourceTitle "CBM 185 Extra"]
[Source "ChessBase"]
[SourceDate "2018.07.29"]
[SourceVersion "1"]
[SourceVersionDate "2018.07.29"]
[SourceQuality "1"]

1. d4 Nf6 2. Nf3 d6 3. Bg5 Ne4 4. Bf4 c6 5. Nbd2 f5 6. e3 Nd7 7. Bd3 Ndf6 8. c3 g6 9. Qc2 Bg7 10. Bg3 Nxg3 11. hxg3 0-0 12. e4 e6 13. 0-0 Ng4 14. Rfe1 Kh8 15. e5 d5 16. Nf1 b6 17. N1h2 Nxh2 18. Kxh2 c5 19. Qd2 c4 20. Bc2 Bd7 21. Rh1 Kg8 22. Kg1 b5 23. Nh2 Qe7 24. g4 f4 25. Nf3 a5 26. g5 b4 27. Rh4 Rab8 28. Rxf4 Rxf4 29. Qxf4 bxc3 30. bxc3 Qa3 31. Qd2 Rb2 32. Rb1 Qxa2 33. Rxb2 Qxb2 34. Bd1 Qxd2 35. Nxd2 Bf8 36. Kf1 Ba3 37. Ke2 Bb2 38. Nb1 a4 39. Kd2 a3 40. Kc2 Ba4+ 0-1

[Event "La Pobla de Lillet op-A 28th"]
[Site "La Pobla de Lillet"]
[Date "2018.08.02"]
[Round "2"]
[White "Mellado Trivino, Juan"]
[Black "Moya Arau, Carles"]
[Result "1/2-1/2"]
[WhiteElo "2362"]
[BlackElo "2034"]
[PlyCount "33"]
[EventDate "2018.08.01"]
[EventType "swiss"]
[EventRounds "9"]
[EventCountry "ESP"]
[SourceTitle "CBM 185 Extra"]
[Source "ChessBase"]
[SourceDate "2018.07.29"]
[SourceVersion "1"]
[SourceVersionDate "2018.07.29"]
[SourceQuality "1"]

1. e4 c5 2. Nf3 e6 3. b3 d5 4. exd5 exd5 5. Bb2 Nf6 6. Bb5+ Bd7 7. Qe2+ Qe7 8. Bxf6 Qxe2+ 9. Bxe2 gxf6 10. Nc3 Be6 11. d4 Nc6 12. 0-0-0 0-0-0 13. Na4 Nxd4 14. Nxd4 cxd4 15. Rxd4 Kb8 16. Rhd1 Rc8 17. Kb1 1/2-1/2

[Event "Foment Martinenc op-A 20th"]
[Site "Barcelona"]
[Date "2018.05.19"]
[Round "5"]
[White "Catala Ulied, Guillem"]
[Black "Moya Arau, Carles"]
[Result "0-1"]
[WhiteElo "1723"]
[BlackElo "2032"]
[PlyCount "80"]
[EventDate "2018.04.21"]
[EventType "swiss"]
[EventRounds "9"]
[EventCountry "ESP"]
[SourceTitle "CBM 184 Extra"]
[Source "ChessBase"]
[SourceDate "2018.06.28"]
[SourceVersion "1"]
[SourceVersionDate "2018.06.28"]
[SourceQuality "1"]

1. e4 c5 2. Nf3 a6 3. c4 d6 4. d4 cxd4 5. Nxd4 Nf6 6. Nc3 e6 7. Be2 Qc7 8. 0-0 Be7 9. Be3 b6 10. f3 Bb7 11. Qd2 0-0 12. Rfc1 Nbd7 13. a4 Rac8 14. a5 bxa5 15. Nb3 Ne5 16. Nxa5 Rb8 17. Na4 Nfd7 18. b4 Nc6 19. Nb3 Ba8 20. b5 Na7 21. Na5 Nc8 22. Rab1 Ncb6 23. Nxb6 Nxb6 24. bxa6 Nd7 25. Rb5 Nc5 26. Bxc5 dxc5 27. Rcb1 Rbd8 28. Qc2 Rd6 29. a7 Qxa7 30. Nb3 Ra6 31. Qc3 Rb8 32. Kf1 Bc6 33. Nxc5 Bxb5 34. cxb5 Qxc5 35. Qxc5 Bxc5 36. Rc1 Be3 37. Rd1 Rab6 38. g3 e5 39. Bc4 Kf8 40. Ke2 Bd4 0-1

[Event "Catalunya-chT Gp1"]
[Site "Barcelona"]
[Date "2018.01.20"]
[Round "1.7"]
[White "Moya Arau, Carles"]
[Black "Gallart Zafra, Jaume"]
[Result "1/2-1/2"]
[WhiteElo "2032"]
[BlackElo "2163"]
[PlyCount "135"]
[EventDate "2018.01.20"]
[EventType "team-tourn"]
[EventRounds "7"]
[EventCountry "ESP"]
[SourceTitle "CBM 182 Extra"]
[Source "ChessBase"]
[SourceDate "2018.02.23"]
[SourceVersion "1"]
[SourceVersionDate "2018.02.23"]
[SourceQuality "1"]
[WhiteTeam "Peona I Peo"]
[BlackTeam "Tres Peons"]
[WhiteTeamCountry "ESP"]
[BlackTeamCountry "ESP"]

1. e4 c5 2. Nc3 e6 3. f4 d5 4. Bb5+ Bd7 5. Bxd7+ Qxd7 6. d3 d4 7. Nce2 Nf6 8. Nf3 Nc6 9. 0-0 Be7 10. Ng3 h5 11. Ne5 Qc7 12. Nxc6 Qxc6 13. Qf3 h4 14. Ne2 Nh5 15. f5 0-0-0 16. Qh3 Kb8 17. fxe6 fxe6 18. Nf4 Nxf4 19. Bxf4+ Bd6 20. Bxd6+ Qxd6 21. Rf7 g5 22. Raf1 c4 23. R1f6 Rhe8 24. Rg7 Rf8 25. Rgf7 Rfe8 26. Rg6 Rf8 27. Rgg7 Rxf7 28. Rxf7 Re8 29. Qf3 Qb4 30. b3 Rc8 31. dxc4 Qe1+ 32. Qf1 Qxe4 33. Qd3 Qe1+ 34. Rf1 Qe5 35. Rd1 Rd8 36. c3 g4 37. cxd4 Qf4 38. g3 hxg3 39. Qxg3 e5 40. Qxf4 exf4 41. d5 Kc7 42. Rd4 Rf8 43. b4 Kd6 44. Re4 Rf6 45. Kg2 b5 46. cxb5 Kxd5 47. Re7 Kc4 48. Rxa7 Kxb5 49. Rg7 g3 50. hxg3 fxg3 51. a3 Rc6 52. Rxg3 Ka4 53. Kf2 Rc2+ 54. Ke1 Rh2 55. Rc3 Rg2 56. Kd1 Rh2 57. Kc1 Rg2 58. Kd1 Rh2 59. Rg3 Rf2 60. Ke1 Rh2 61. Kf1 Rc2 62. Rg8 Kxa3 63. b5 Rb2 64. Rb8 Kb4 65. b6 Kc5 66. Rc8+ Kd6 67. Rh8 Rxb6 68. Rh6+ 1/2-1/2

[Event "Cerdanyola del Valles Regional-ch"]
[Site "Cerdanyola del Valles"]
[Date "2015.??.??"]
[Round "1"]
[White "Shatko, Danil"]
[Black "Moya Arau, Carles"]
[Result "1-0"]
[WhiteElo "2329"]
[BlackElo "2114"]
[PlyCount "75"]
[EventDate "2015.10.03"]
[EventType "swiss"]
[EventRounds "8"]
[EventCountry "ESP"]
[SourceTitle "CBM 169 Extra"]
[Source "ChessBase"]
[SourceDate "2015.12.18"]
[SourceVersion "1"]
[SourceVersionDate "2015.12.18"]
[SourceQuality "1"]

1. Nf3 Nf6 2. g3 g6 3. Bg2 Bg7 4. 0-0 d5 5. d4 0-0 6. c4 e6 7. Nc3 b6 8. Bf4 Bb7 9. Rc1 Na6 10. cxd5 Nxd5 11. Nxd5 exd5 12. Qd2 Qe7 13. Bg5 f6 14. Be3 Rfe8 15. Ne1 c6 16. Nd3 Rac8 17. Bh3 f5 18. Rfe1 c5 19. Nf4 Red8 20. Bg2 Rd7 21. Red1 g5 22. Nh5 h6 23. Qd3 Qf7 24. Nxg7 Kxg7 25. Bh3 g4 26. Bg2 h5 27. Bf4 c4 28. Be5+ Kg8 29. Qe3 Qg6 30. b3 b5 31. Qd2 h4 32. gxh4 Rh7 33. bxc4 bxc4 34. Qa5 Qb6 35. Bxd5+ Bxd5 36. Qxd5+ Kf8 37. Bd6+ Ke8 38. Qg8+ 1-0

[Event "Catalunya-chT"]
[Site "Catalunya"]
[Date "2014.02.01"]
[Round "2.3"]
[White "Gorgues Mateu, David"]
[Black "Moya Arau, Carles"]
[Result "0-1"]
[WhiteElo "1738"]
[BlackElo "2034"]
[PlyCount "64"]
[EventDate "2014.01.25"]
[EventType "team"]
[EventRounds "11"]
[EventCountry "ESP"]
[SourceTitle "CBM 158 Extra"]
[Source "ChessBase"]
[SourceDate "2014.02.28"]
[SourceVersion "1"]
[SourceVersionDate "2014.02.28"]
[SourceQuality "1"]
[WhiteTeam "Andorra"]
[BlackTeam "Peona I Peo"]
[WhiteTeamCountry "AND"]
[BlackTeamCountry "ESP"]

1. e4 c5 2. Nf3 a6 3. b3 d6 4. Bb2 Nc6 5. Be2 e5 6. h3 g6 7. d3 Bg7 8. 0-0 Nge7 9. c4 0-0 10. Nc3 f5 11. Nd5 h6 12. Bc3 f4 13. Kh2 g5 14. g4 Nxd5 15. cxd5 Nb8 16. Ne1 Nd7 17. f3 h5 18. Rh1 Rf6 19. Nc2 Rh6 20. Kg2 Kf7 21. a4 b6 22. Na3 Nf6 23. Nc4 a5 24. Qc2 Bf8 25. Qb2 Ke8 26. Qd2 Ra7 27. Raf1 Rah7 28. Qd1 Nd7 29. Qe1 Qf6 30. Qd1 Qh8 31. Qe1 hxg4 32. hxg4 Rh2+ 0-1

[Event "Guinardo MC"]
[Site "Guinardo"]
[Date "2014.01.02"]
[Round "6.4"]
[White "Moya Arau, Carles"]
[Black "Gurri Mancera, Ferran"]
[Result "1/2-1/2"]
[WhiteElo "2134"]
[BlackElo "2242"]
[PlyCount "59"]
[EventDate "2013.12.27"]
[EventType "swiss"]
[EventRounds "9"]
[EventCountry "ESP"]
[SourceTitle "EXT 2024"]
[Source "ChessBase"]
[SourceDate "2023.10.10"]
[SourceVersion "1"]
[SourceVersionDate "2023.10.10"]
[SourceQuality "1"]

1. e4 e6 2. d4 d5 3. Nd2 Nf6 4. e5 Nfd7 5. Bd3 c5 6. c3 Nc6 7. Ngf3 f6 8. exf6 Nxf6 9. 0-0 cxd4 10. cxd4 Bd6 11. Re1 0-0 12. Nf1 Qb6 13. h4 Kh8 14. Bb1 Bd7 15. h5 Rae8 16. Bg5 Qxb2 17. Bxf6 Rxf6 18. Qd3 g6 19. hxg6 hxg6 20. Ne3 Nb4 21. Qf1 Qxa1 22. Ng4 Rxf3 23. gxf3 Qxd4 24. Qh3+ Kg8 25. Bxg6 Re7 26. Qh4 Nc6 27. Kg2 Qg7 28. Nf6+ Kf8 29. Nh7+ Kg8 30. Nf6+ 1/2-1/2

[Event "Guinardo MC"]
[Site "Guinardo"]
[Date "2013.12.31"]
[Round "5.2"]
[White "Delisau Gil, Oriol"]
[Black "Moya Arau, Carles"]
[Result "0-1"]
[WhiteElo "2242"]
[BlackElo "2134"]
[PlyCount "89"]
[EventDate "2013.12.27"]
[EventType "swiss"]
[EventRounds "9"]
[EventCountry "ESP"]
[SourceTitle "EXT 2024"]
[Source "ChessBase"]
[SourceDate "2023.10.10"]
[SourceVersion "1"]
[SourceVersionDate "2023.10.10"]
[SourceQuality "1"]

1. d4 Nf6 2. c4 e6 3. g3 d5 4. Nf3 g6 5. Bg2 Bg7 6. 0-0 0-0 7. Nc3 b6 8. cxd5 exd5 9. Bf4 Na6 10. Ne5 Bb7 11. Rc1 Ne4 12. Qa4 Qe8 13. Qb3 Nxc3 14. bxc3 Qe6 15. Rfe1 Rfe8 16. Qa4 c5 17. Nd3 cxd4 18. cxd4 Rec8 19. Bf3 Rxc1 20. Rxc1 Rc8 21. Rxc8+ Qxc8 22. Be5 Qc6 23. Qb3 Qc4 24. Bxg7 Kxg7 25. e3 Qxb3 26. axb3 f6 27. Kf1 Nc7 28. Ke1 Kf7 29. Kd2 Nb5 30. h4 Nd6 31. Nf4 Ne4+ 32. Bxe4 dxe4 33. Kc3 g5 34. hxg5 fxg5 35. Nh3 h6 36. Kc4 a6 37. d5 Ke7 38. f4 exf3 39. e4 Bc8 40. Nf2 h5 41. e5 g4 42. e6 h4 43. Nxg4 hxg3 44. Kd4 g2 45. Ke5 0-1

[Event "La Pobla de Lillet op 22nd"]
[Site "La Pobla de Lillet"]
[Date "2012.08.04"]
[Round "4"]
[White "Moya Arau, Carles"]
[Black "Capellades Subirana, Marc"]
[Result "1/2-1/2"]
[WhiteElo "2066"]
[BlackElo "2237"]
[PlyCount "95"]
[EventDate "2012.08.01"]
[EventType "swiss"]
[EventRounds "9"]
[EventCountry "ESP"]
[SourceTitle "CBM 149 Extra"]
[Source "ChessBase"]
[SourceDate "2012.08.24"]
[SourceVersion "1"]
[SourceVersionDate "2012.08.24"]
[SourceQuality "1"]

1. e4 c6 2. d4 d5 3. exd5 cxd5 4. Bd3 e6 5. Nf3 Nc6 6. c3 Bd6 7. 0-0 Nf6 8. Bg5 h6 9. Bh4 Qc7 10. Re1 Bd7 11. Qe2 Nh5 12. Bg3 Nxg3 13. hxg3 Be7 14. Nbd2 h5 15. Ne5 Nxe5 16. Qxe5 Qxe5 17. dxe5 Rc8 18. Nb3 Rc7 19. Nd4 Bc5 20. Nb3 Be7 21. Nd4 Bc5 22. Nb3 Bb6 23. Rac1 Ke7 24. Nd4 Rhc8 25. Rcd1 Bxd4 26. cxd4 a6 27. Kf1 Bb5 28. Ke2 Bxd3+ 29. Kxd3 a5 30. Rd2 a4 31. Ree2 a3 32. Rc2 Rxc2 33. Rxc2 Rxc2 34. Kxc2 axb2 35. Kxb2 Kd7 36. Kc3 Kc6 37. Kb4 Kb6 38. f4 g6 39. a3 Kc6 40. Ka5 b6+ 41. Kb4 Kc7 42. Kb5 Kb7 43. a4 Kc7 44. a5 bxa5 45. Kxa5 Kb7 46. Kb5 Kc7 47. Kc5 Kd7 48. Kb6 1/2-1/2

[Event "La Pobla de Lillet op 21st"]
[Site "La Pobla de Lillet"]
[Date "2011.08.03"]
[Round "2"]
[White "Peralta, Fernando"]
[Black "Moya Arau, Carles"]
[Result "1-0"]
[WhiteElo "2601"]
[BlackElo "2053"]
[PlyCount "53"]
[EventDate "2011.08.02"]
[EventType "swiss"]
[EventRounds "9"]
[EventCountry "ESP"]
[SourceTitle "EXT 2015"]
[Source "ChessBase"]
[SourceDate "2014.11.20"]
[SourceVersion "1"]
[SourceVersionDate "2014.11.20"]
[SourceQuality "1"]

1. d4 Nf6 2. c4 e6 3. Nc3 Bb4 4. e3 0-0 5. Bd3 c5 6. Nf3 d5 7. 0-0 dxc4 8. Bxc4 cxd4 9. exd4 Nbd7 10. Bd3 h6 11. a3 Be7 12. Bc2 Re8 13. Qd3 Nf8 14. Ne5 Nd5 15. Ba4 Bd7 16. Nxd7 Nxd7 17. Nxd5 exd5 18. Qh3 Nf6 19. Bxe8 Nxe8 20. Bf4 Bd6 21. Be5 Nc7 22. Qb3 Bxe5 23. dxe5 b6 24. f4 f6 25. Rac1 Kh8 26. exf6 gxf6 27. Qh3 1-0

[Event "Cerdanyola del Valles op 28th"]
[Site "Cerdanyola del Valles"]
[Date "2010.11.13"]
[Round "7"]
[White "Moya Arau, Carles"]
[Black "Diaz Camallonga, Carles"]
[Result "1-0"]
[WhiteElo "1985"]
[BlackElo "1832"]
[PlyCount "129"]
[EventDate "2010.10.02"]
[EventType "swiss"]
[EventRounds "7"]
[EventCountry "ESP"]
[SourceTitle "EXT 2012"]
[Source "ChessBase"]
[SourceDate "2011.11.24"]
[SourceVersion "1"]
[SourceVersionDate "2011.11.24"]
[SourceQuality "1"]

1. d4 Nf6 2. Nf3 g6 3. Bg5 Ne4 4. Bf4 Bg7 5. e3 d5 6. Bd3 c5 7. c3 Nc6 8. Nbd2 f5 9. h4 Qb6 10. Qb3 Qxb3 11. axb3 Bd7 12. h5 e6 13. Ke2 Ke7 14. Rh2 Bf6 15. hxg6 hxg6 16. Rxh8 Rxh8 17. Bxe4 fxe4 18. Ne5 Bxe5 19. Bxe5 Nxe5 20. dxe5 a6 21. f4 Bc6 22. Kf2 Bd7 23. Nf1 Rf8 24. Kg3 Bb5 25. Nh2 Be2 26. Re1 Bd3 27. Ng4 Rh8 28. Rc1 b6 29. Nf2 Bb5 30. b4 Bd7 31. Ra1 Bb5 32. Rc1 Bd7 33. Nh3 cxb4 34. cxb4 Rc8 35. Rxc8 Bxc8 36. Kg4 Kf7 37. Kg5 Kg7 38. Ng1 a5 39. bxa5 bxa5 40. Ne2 Ba6 41. Nd4 Bc8 42. g4 Kf7 43. f5 gxf5 44. gxf5 exf5 45. Nxf5 Ke6 46. Kf4 Bd7 47. Nd4+ Ke7 48. Nb3 a4 49. Nc5 Bc6 50. Na6 Ke6 51. Nb4 Bb7 52. Nc2 Bc8 53. Nd4+ Ke7 54. Ne2 Bd7 55. Nd4 Bc8 56. Kg3 Bd7 57. Kf2 Be8 58. Ke1 Kd7 59. Kd2 Kc7 60. Kc3 Kb6 61. Kb4 Bc6 62. e6 Be8 63. Nf5 Kc7 64. Kc5 Bc6 65. Ne7 1-0

[Event "Catalunya-ch U20"]
[Site "Vila Seca"]
[Date "2010.04.05"]
[Round "8"]
[White "Moya Arau, Carles"]
[Black "Escobar Figueroa, Sandra"]
[Result "1/2-1/2"]
[WhiteElo "1962"]
[BlackElo "1806"]
[PlyCount "52"]
[EventDate "2010.03.31"]
[EventType "swiss"]
[EventRounds "9"]
[EventCountry "ESP"]
[SourceTitle "CBM 135 Extra"]
[Source "ChessBase"]
[SourceDate "2010.05.04"]
[SourceVersion "1"]
[SourceVersionDate "2010.05.04"]
[SourceQuality "1"]

1. d4 d5 2. Nf3 Nf6 3. Bg5 e6 4. e3 Be7 5. Bd3 Nbd7 6. Nbd2 0-0 7. c3 b6 8. Ne5 Nxe5 9. dxe5 Nd7 10. Bf4 f6 11. Qh5 f5 12. h4 Nc5 13. Bc2 Qe8 14. Qf3 Ba6 15. Bg5 Bd3 16. 0-0-0 Bxg5 17. hxg5 Bxc2 18. Kxc2 Qa4+ 19. Kb1 Qg4 20. Qh3 Qxh3 21. Rxh3 g6 22. f4 Rf7 23. Nf3 Ne4 24. Rf1 c5 25. Kc2 a5 26. Nh4 Raa7 1/2-1/2

[Event "Catalunya-ch U20"]
[Site "Vila Seca"]
[Date "2010.04.03"]
[Round "5"]
[White "Vidal Zamora, Alex"]
[Black "Moya Arau, Carles"]
[Result "0-1"]
[WhiteElo "2171"]
[BlackElo "1962"]
[PlyCount "50"]
[EventDate "2010.03.31"]
[EventType "swiss"]
[EventRounds "9"]
[EventCountry "ESP"]
[SourceTitle "CBM 135 Extra"]
[Source "ChessBase"]
[SourceDate "2010.05.04"]
[SourceVersion "1"]
[SourceVersionDate "2010.05.04"]
[SourceQuality "1"]

1. e4 c5 2. Nf3 a6 3. c4 d6 4. d4 cxd4 5. Nxd4 Nf6 6. Nc3 e6 7. Be2 Qc7 8. 0-0 Be7 9. Be3 b6 10. f4 Nbd7 11. Rc1 Bb7 12. Bf3 0-0 13. b4 Rac8 14. Qe1 Qb8 15. Nb3 Rxc4 16. Nd2 Rcc8 17. Qg3 Rfe8 18. a3 Bf8 19. Bd4 e5 20. Be3 exf4 21. Bxf4 Ne5 22. Be2 Ng6 23. Rce1 Nxf4 24. Rxf4 d5 25. Qf3 Rxc3 0-1